[Event "RA-2014-0-00334"]
[Site "LSS email"]
[Date "2014.07.04"]
[Round "?"]
[White "Sukhorskij, Vladimir Stanislavo"]
[Black "Lubas, Jozef"]
[Result "1/2-1/2"]
[WhiteElo "1965"]
[BlackElo "2059"]
[PlyCount "59"]
[EventDate "2014.06.14"]
[EventType "tourn (corr)"]
[EventRounds "6"]
[EventCountry "GER"]
[SourceTitle "Corr 2015"]
[Source "ChessBase"]
[SourceDate "2015.07.17"]
[SourceVersion "1"]
[SourceVersionDate "2015.07.17"]
[SourceQuality "1"]

1. e4 c5 2. Nf3 d6 3. d4 cxd4 4. Nxd4 Nf6 5. Nc3 a6 6. Bg5 e6 7. f4 Be7 8. Qf3 Qc7 9. 0-0-0 Nbd7 10. Bd3 b5 11. Rhe1 Bb7 12. Qg3 h6 13. Bxf6 Bxf6 14. Bxb5 0-0 15. Bxd7 Qxd7 16. e5 Be7 17. Kb1 Rae8 18. exd6 Bxd6 19. Qg4 f5 20. Qh4 Bxg2 21. Rg1 Qb7 22. Nb3 Bb4 23. Rd3 Rf7 24. Rg3 Bf3 25. Qxh6 Bxc3 26. bxc3 Bg4 27. Qg5 a5 28. Kc1 a4 29. Nd4 a3 30. h3 1/2-1/2

[Event "BI-2014-P-0016"]
[Site "LSS email"]
[Date "2014.04.19"]
[Round "?"]
[White "Sukhorskij, Vladimir Stanislavo"]
[Black "Celan, Melissa"]
[Result "0-1"]
[WhiteElo "1967"]
[BlackElo "1811"]
[PlyCount "94"]
[EventDate "2014.04.25"]
[EventType "tourn (corr)"]
[EventRounds "10"]
[EventCountry "GER"]
[SourceTitle "Corr 2015"]
[Source "ChessBase"]
[SourceDate "2015.07.17"]
[SourceVersion "1"]
[SourceVersionDate "2015.07.17"]
[SourceQuality "1"]

1. e4 e6 2. d4 d5 3. Nc3 dxe4 4. Nxe4 Bd7 5. Nf3 Bc6 6. Bd3 Nd7 7. c3 h6 8. 0-0 Ngf6 9. Re1 Nxe4 10. Bxe4 Bxe4 11. Rxe4 Bd6 12. c4 0-0 13. Bd2 Qf6 14. Re1 Qf5 15. Bc3 a5 16. Nh4 Qg5 17. g3 Bb4 18. Qf3 Bxc3 19. bxc3 b6 20. Qd3 Qe7 21. Rad1 Qa3 22. f4 Rfe8 23. Qc2 Qd6 24. Nf3 Qc6 25. Qd3 Qa4 26. Rd2 Red8 27. g4 Nf8 28. g5 h5 29. Ne5 g6 30. Qe4 Qa3 31. Qf3 Re8 32. Rde2 Rad8 33. Nc6 Rd6 34. Na7 Qa4 35. Nb5 Rd7 36. Qc6 Rc8 37. Kf2 Re8 38. h3 Ree7 39. Na7 Qxc6 40. Nxc6 Re8 41. Ne5 Rd6 42. c5 bxc5 43. dxc5 Rd5 44. Ke3 Rdd8 45. c6 Rb8 46. Rd2 Re7 47. c4 Kg7 0-1

[Event "BI-2014-P-0016"]
[Site "LSS email"]
[Date "2014.04.19"]
[Round "?"]
[White "Sukhorskij, Vladimir Stanislavo"]
[Black "Petrov, Andrey"]
[Result "1-0"]
[WhiteElo "1967"]
[BlackElo "1341"]
[PlyCount "25"]
[EventDate "2014.04.25"]
[EventType "tourn (corr)"]
[EventRounds "10"]
[EventCountry "GER"]
[SourceTitle "Corr 2015"]
[Source "ChessBase"]
[SourceDate "2015.07.17"]
[SourceVersion "1"]
[SourceVersionDate "2015.07.17"]
[SourceQuality "1"]

1. e4 e5 2. Nf3 Nf6 3. d4 Nxe4 4. Bd3 d5 5. Nxe5 Bd6 6. 0-0 0-0 7. c4 Bxe5 8. dxe5 Nc6 9. cxd5 Qxd5 10. Qc2 Nb4 11. Bxe4 Nxc2 12. Bxd5 Bf5 13. g4 1-0

[Event "BI-2014-P-0016"]
[Site "LSS email"]
[Date "2014.04.19"]
[Round "?"]
[White "Susla, Vitaliy"]
[Black "Sukhorskij, Vladimir Stanislavo"]
[Result "1/2-1/2"]
[WhiteElo "2161"]
[BlackElo "1967"]
[PlyCount "53"]
[EventDate "2014.04.25"]
[EventType "tourn (corr)"]
[EventRounds "10"]
[EventCountry "GER"]
[SourceTitle "Corr 2015"]
[Source "ChessBase"]
[SourceDate "2015.07.17"]
[SourceVersion "1"]
[SourceVersionDate "2015.07.17"]
[SourceQuality "1"]

1. d4 Nf6 2. c4 e6 3. Nf3 b6 4. a3 Bb7 5. Nc3 d5 6. cxd5 Nxd5 7. Qc2 Nxc3 8. bxc3 Be7 9. e4 0-0 10. Bd3 c5 11. 0-0 Qc7 12. Qe2 Nc6 13. d5 Na5 14. c4 Nb3 15. Rb1 Nxc1 16. Rfxc1 Rab8 17. Re1 g6 18. Qc2 Rfe8 19. Qa4 Ba8 20. h4 Bf8 21. h5 Bg7 22. Bc2 Rbd8 23. Rbd1 Qb8 24. dxe6 Rxe6 25. Rxd8+ Qxd8 26. hxg6 hxg6 27. Qxa7 1/2-1/2

[Event "RM-2013-0-00134"]
[Site "LSS email"]
[Date "2014.03.03"]
[Round "?"]
[White "Bubnov, Vladimir Semenovich"]
[Black "Sukhorskij, Vladimir Stanislavo"]
[Result "1/2-1/2"]
[WhiteElo "2133"]
[BlackElo "2091"]
[PlyCount "123"]
[EventDate "2013.11.03"]
[EventType "tourn (corr)"]
[EventRounds "6"]
[EventCountry "GER"]
[SourceTitle "Telechess CBM 167"]
[Source "ChessBase"]
[SourceDate "2015.07.13"]
[SourceVersion "1"]
[SourceVersionDate "2015.07.13"]
[SourceQuality "1"]

1. e4 e6 2. d4 d5 3. Nc3 Nf6 4. e5 Nfd7 5. f4 c5 6. Nf3 Nc6 7. Be3 Be7 8. Qd2 a6 9. h4 Nxd4 10. Bxd4 cxd4 11. Qxd4 b5 12. 0-0-0 0-0 13. Kb1 b4 14. Ne2 Qc7 15. Qe3 a5 16. Ned4 Nc5 17. Bd3 a4 18. h5 Bd7 19. f5 Nxd3 20. Rxd3 Rfb8 21. f6 gxf6 22. Qh6 Kh8 23. exf6 Bf8 24. Qe3 b3 25. cxb3 axb3 26. a3 Qg3 27. Ne2 Qc7 28. Rc3 Qa7 29. Qg5 h6 30. Qg3 e5 31. Nxe5 Bf5+ 32. Kc1 Rb6 33. Nc6 Qa6 34. Ned4 Rc8 35. Ne7 Rxc3+ 36. Qxc3 Bh7 37. Nxb3 Qc4 38. Qxc4 dxc4 39. Nd2 c3 40. bxc3 Rxf6 41. Re1 Rf2 42. a4 Rxg2 43. Nd5 Rg5 44. Nf6 Bd3 45. Nf3 Rg2 46. Nd4 Ba3+ 47. Kd1 Kg7 48. Nd5 Rg5 49. Kd2 Ba6 50. Nb4 Bc4 51. Rb1 Bb2 52. Nd3 Ba3 53. Ra1 Be7 54. Nb4 Rxh5 55. a5 Bg5+ 56. Kc2 Bd8 57. Rg1+ Kf8 58. a6 Rh2+ 59. Kb1 Bb6 60. Rd1 h5 61. Nf3 Re2 62. Rd6 1/2-1/2

[Event "RM-2013-0-00134"]
[Site "LSS email"]
[Date "2014.03.03"]
[Round "?"]
[White "Ortiz, Manuel"]
[Black "Sukhorskij, Vladimir Stanislavo"]
[Result "1/2-1/2"]
[WhiteElo "2058"]
[BlackElo "2091"]
[PlyCount "85"]
[EventDate "2013.11.03"]
[EventType "tourn (corr)"]
[EventRounds "6"]
[EventCountry "GER"]
[SourceTitle "Telechess CBM 167"]
[Source "ChessBase"]
[SourceDate "2015.07.13"]
[SourceVersion "1"]
[SourceVersionDate "2015.07.13"]
[SourceQuality "1"]

1. d4 Nf6 2. c4 g6 3. Nc3 Bg7 4. Nf3 0-0 5. g3 d5 6. cxd5 Nxd5 7. Bg2 Nb6 8. 0-0 Nc6 9. e3 Re8 10. Re1 a5 11. Ng5 e5 12. d5 Nxd5 13. Nxd5 Qxg5 14. Nxc7 Rd8 15. e4 Qe7 16. Nd5 Qf8 17. Bg5 f6 18. Be3 Be6 19. Qa4 Bxd5 20. exd5 Qb4 21. Qd1 Nd4 22. Rc1 Rac8 23. a3 Qb6 24. Bxd4 Qxd4 25. Qb3 Kf8 26. Rxc8 Rxc8 27. Qxb7 Rc2 28. Rf1 f5 29. d6 Qxd6 30. Bd5 Qc7 31. Qa6 Qd7 32. Bb3 Rc7 33. Qa8+ Rc8 34. Qxa5 Bf6 35. Rd1 Qc7 36. Qd2 e4 37. Qh6+ Qg7 38. Qe3 Bxb2 39. Be6 Rc7 40. Qb6 Qc3 41. Rd8+ Kg7 42. Rg8+ Kh6 43. Bxf5 1/2-1/2

[Event "BI-2013-F-0009"]
[Site "LSS email"]
[Date "2014.02.21"]
[Round "?"]
[White "Novikov, Sergey Vasilievich"]
[Black "Sukhorskij, Vladimir Stanislavo"]
[Result "1-0"]
[WhiteElo "1927"]
[BlackElo "1965"]
[PlyCount "85"]
[EventDate "2014.02.27"]
[EventType "tourn (corr)"]
[EventRounds "10"]
[EventCountry "GER"]
[SourceTitle "Corr 2015"]
[Source "ChessBase"]
[SourceDate "2015.07.17"]
[SourceVersion "1"]
[SourceVersionDate "2015.07.17"]
[SourceQuality "1"]

1. d4 Nf6 2. c4 g6 3. Nc3 Bg7 4. e4 0-0 5. Nf3 d6 6. h3 e5 7. d5 a5 8. Bd3 Na6 9. 0-0 Nc5 10. Bc2 c6 11. Bg5 Qc7 12. a3 a4 13. Bxf6 Bxf6 14. Bxa4 Nxa4 15. Nxa4 cxd5 16. cxd5 Bd7 17. Rc1 Qa5 18. Nc3 Rfc8 19. Rc2 Bd8 20. Qd2 b5 21. Qh6 f6 22. Nh4 Be8 23. Kh2 Be7 24. Rfc1 b4 25. axb4 Qxb4 26. Nf3 Bd7 27. Nd2 Qb8 28. Ncb1 Rxc2 29. Rxc2 f5 30. Qe3 Ba4 31. b3 Bd7 32. Nc4 Qd8 33. Nbd2 Ra6 34. exf5 Bxf5 35. Ne4 Qa8 36. Qf3 Ra7 37. Rb2 Qf8 38. b4 Rc7 39. Ned2 Bc8 40. Qxf8+ Kxf8 41. Na5 Rc1 42. b5 Rc5 43. Ndc4 1-0

[Event "BI-2013-F-0009"]
[Site "LSS email"]
[Date "2014.02.21"]
[Round "?"]
[White "Permykov, Andrey Valerevich"]
[Black "Sukhorskij, Vladimir Stanislavo"]
[Result "1/2-1/2"]
[WhiteElo "2053"]
[BlackElo "1965"]
[PlyCount "79"]
[EventDate "2014.02.27"]
[EventType "tourn (corr)"]
[EventRounds "10"]
[EventCountry "GER"]
[SourceTitle "Corr 2015"]
[Source "ChessBase"]
[SourceDate "2015.07.17"]
[SourceVersion "1"]
[SourceVersionDate "2015.07.17"]
[SourceQuality "1"]

1. e4 e6 2. d4 d5 3. Nc3 Nf6 4. e5 Nfd7 5. f4 c5 6. Nf3 Nc6 7. Be3 Be7 8. dxc5 Bxc5 9. Qd2 a6 10. a3 Qc7 11. Bxc5 Nxc5 12. b4 Nd7 13. Bd3 Nb6 14. 0-0 Ne7 15. Ne2 Nc4 16. Qc3 Bd7 17. Bxc4 dxc4 18. Nd2 0-0 19. Nd4 b5 20. Ne4 Bc6 21. Nd6 Qb6 22. Kh1 Bd5 23. f5 Nxf5 24. N6xf5 exf5 25. Nxf5 Be4 26. Nd6 Qc6 27. Rf2 Bg6 28. Rd2 Ra7 29. a4 bxa4 30. Qxc4 Qxc4 31. Nxc4 Rc7 32. Ne3 Re7 33. Rd5 f5 34. Rxa4 Rc8 35. Rxa6 f4 36. Nf1 Rxc2 37. e6 Re2 38. h4 R2xe6 39. Rxe6 Rxe6 40. Nd2 1/2-1/2

[Event "BI-2013-F-0009"]
[Site "LSS email"]
[Date "2014.02.21"]
[Round "?"]
[White "Spirin, Anatoly"]
[Black "Sukhorskij, Vladimir Stanislavo"]
[Result "1/2-1/2"]
[WhiteElo "2055"]
[BlackElo "1965"]
[PlyCount "75"]
[EventDate "2014.02.27"]
[EventType "tourn (corr)"]
[EventRounds "10"]
[EventCountry "GER"]
[SourceTitle "Corr 2015"]
[Source "ChessBase"]
[SourceDate "2015.07.17"]
[SourceVersion "1"]
[SourceVersionDate "2015.07.17"]
[SourceQuality "1"]

1. e4 e6 2. d4 d5 3. Nd2 c5 4. exd5 exd5 5. dxc5 Bxc5 6. Nb3 Bb6 7. Nf3 Nf6 8. c3 0-0 9. Be2 Nc6 10. 0-0 Re8 11. Nbd4 a6 12. Re1 Qd6 13. Bg5 Ne4 14. Be3 Bc7 15. Qd3 Bg4 16. g3 Qd7 17. Rad1 Bh5 18. Nxc6 bxc6 19. Nh4 Bxe2 20. Rxe2 Rad8 21. Rde1 a5 22. c4 a4 23. cxd5 cxd5 24. Bd4 f6 25. Kg2 g5 26. Nf3 g4 27. Nd2 f5 28. Rc1 Qf7 29. Nxe4 fxe4 30. Qd1 Be5 31. Kg1 Bxd4 32. Qxd4 a3 33. bxa3 Qg7 34. Qb6 Qe5 35. a4 Rb8 36. Qa7 Ra8 37. Qb7 Rab8 38. Qa7 1/2-1/2

[Event "BI-2013-F-0009"]
[Site "LSS email"]
[Date "2014.02.21"]
[Round "?"]
[White "Sukhorskij, Vladimir Stanislavo"]
[Black "Davydov, Andrej"]
[Result "1/2-1/2"]
[WhiteElo "1965"]
[BlackElo "1894"]
[PlyCount "77"]
[EventDate "2014.02.27"]
[EventType "tourn (corr)"]
[EventRounds "10"]
[EventCountry "GER"]
[SourceTitle "Corr 2015"]
[Source "ChessBase"]
[SourceDate "2015.07.17"]
[SourceVersion "1"]
[SourceVersionDate "2015.07.17"]
[SourceQuality "1"]

1. e4 e6 2. d4 d5 3. Nc3 Nf6 4. Bg5 dxe4 5. Nxe4 Nbd7 6. Nf3 Be7 7. Nxf6+ Bxf6 8. h4 h6 9. Bxf6 Nxf6 10. Qd2 0-0 11. 0-0-0 b6 12. Ne5 Bb7 13. Bc4 Qe7 14. Qe3 Rfd8 15. Rhe1 Nd5 16. Qg3 c5 17. Bb3 Rac8 18. f4 Qc7 19. dxc5 bxc5 20. f5 exf5 21. Qf2 Rd6 22. Qxf5 Rcd8 23. g4 g6 24. Qf2 Re6 25. Nc4 Rde8 26. Rxe6 Rxe6 27. g5 h5 28. a3 Kg7 29. Kb1 Re4 30. Ka2 Ba8 31. Rd3 Qe7 32. Rd2 Qc7 33. Rd1 Qe7 34. Qh2 a5 35. Qb8 a4 36. Qxa8 axb3+ 37. cxb3 Nc3+ 38. bxc3 Rxc4 39. bxc4 1/2-1/2

[Event "RM-2013-0-00134"]
[Site "LSS email"]
[Date "2014.02.11"]
[Round "?"]
[White "Sukhorskij, Vladimir Stanislavo"]
[Black "Stolz, Stephan"]
[Result "1/2-1/2"]
[WhiteElo "2091"]
[BlackElo "2233"]
[PlyCount "146"]
[EventDate "2013.11.03"]
[EventType "tourn (corr)"]
[EventRounds "6"]
[EventCountry "GER"]
[SourceTitle "Telechess CBM 167"]
[Source "ChessBase"]
[SourceDate "2015.07.13"]
[SourceVersion "1"]
[SourceVersionDate "2015.07.13"]
[SourceQuality "1"]

1. e4 e6 2. Nf3 d5 3. Nc3 Nf6 4. e5 Nfd7 5. d4 c5 6. Ne2 cxd4 7. Nexd4 Nc6 8. Nxc6 bxc6 9. Bd3 Be7 10. 0-0 0-0 11. c3 a5 12. Re1 c5 13. Qc2 h6 14. c4 Bb7 15. cxd5 Bxd5 16. Bd2 Nb6 17. Rad1 Qd7 18. Bh7+ Kh8 19. Be4 Qb7 20. a4 Rfd8 21. b3 Qa6 22. Rc1 Rac8 23. Bxd5 Rxd5 24. Be3 Qd3 25. h3 g5 26. Qe2 Qxe2 27. Rxe2 Rd3 28. Rb2 Rb8 29. Rcb1 Nd7 30. Kf1 Kh7 31. Rd2 Rd5 32. Ke2 Kg6 33. g4 Rb4 34. Rdd1 Rb8 35. Rd2 h5 36. gxh5+ Kxh5 37. Rdd1 Rb4 38. Bd2 Re4+ 39. Kf1 g4 40. hxg4+ Kxg4 41. Rbc1 Bd8 42. Bh6 Rb4 43. Ke2 Rxb3 44. Rh1 Nxe5 45. Rcg1+ Kf5 46. Nd2 Rb2 47. Rg8 Rdxd2+ 48. Bxd2 Be7 49. Kd1 Nf3 50. Rh5+ Ke4 51. Be3 Nd4 52. Rh7 Bd6 53. Rxf7 Kd3 54. Bc1 Ra2 55. Ra8 Rxa4 56. Rd7 Be5 57. Rc8 Kc4 58. f4 Bf6 59. Rf7 Bh4 60. Rh7 Bf2 61. Bb2 Nf5 62. Rh3 Be3 63. Kc2 Rb4 64. Bc1 Rb3 65. Bb2 Rb7 66. Rf8 Nd4+ 67. Bxd4 Bxd4 68. Re8 Rb2+ 69. Kc1 Rf2 70. Rxe6 Rxf4 71. Re8 Rf1+ 72. Kc2 Rf2+ 73. Kb1 Rf1+ 1/2-1/2

[Event "WC-2018-P-00016"]
[Site "LSS email"]
[Date "2014.02.03"]
[Round "?"]
[White "Feng, Jason"]
[Black "Sukhorskij, Vladimir Stanislavo"]
[Result "0-1"]
[WhiteElo "868"]
[BlackElo "1965"]
[PlyCount "96"]
[EventDate "2014.02.10"]
[EventType "tourn (corr)"]
[EventRounds "12"]
[EventCountry "GER"]
[SourceTitle "Corr 2015"]
[Source "ChessBase"]
[SourceDate "2015.07.17"]
[SourceVersion "1"]
[SourceVersionDate "2015.07.17"]
[SourceQuality "1"]

1. e4 e6 2. Nf3 d5 3. Nc3 d4 4. Ne2 c5 5. c3 Nf6 6. cxd4 cxd4 7. e5 Nfd7 8. Nexd4 Nxe5 9. Bb5+ Nec6 10. 0-0 a6 11. Nxc6 Nxc6 12. Bxc6+ bxc6 13. d4 Qd5 14. Be3 Be7 15. Qc2 0-0 16. Rac1 a5 17. Qxc6 Bb7 18. Qxd5 Bxd5 19. Rc7 Bd8 20. Rc3 Bxa2 21. Ne5 Bd5 22. Rfc1 h6 23. Rc8 Be7 24. Rxa8 Rxa8 25. Nc6 Bd6 26. Ne5 Rb8 27. Bd2 Rxb2 28. Bxa5 f6 29. Nd3 Rb3 30. Nc5 Rb5 31. Bd2 g5 32. h4 gxh4 33. Bxh6 Kf7 34. Be3 Kg6 35. Kf1 Rb8 36. f3 Kf5 37. Rc2 h3 38. gxh3 Bxf3 39. Kf2 Bd5 40. Ke2 Rh8 41. Rb2 Rxh3 42. Rb6 Bc4+ 43. Kd2 Bc7 44. Rc6 Ba5+ 45. Kc2 Rxe3 46. Nb7 Bb3+ 47. Kb2 Bb4 48. Rb6 Bc3+ 0-1

[Event "WC-2018-P-00016"]
[Site "LSS email"]
[Date "2014.02.03"]
[Round "?"]
[White "Sukhorskij, Vladimir Stanislavo"]
[Black "Hernandez Molina, David Enrique"]
[Result "1/2-1/2"]
[WhiteElo "1965"]
[BlackElo "2131"]
[PlyCount "80"]
[EventDate "2014.02.10"]
[EventType "tourn (corr)"]
[EventRounds "12"]
[EventCountry "GER"]
[SourceTitle "Corr 2015"]
[Source "ChessBase"]
[SourceDate "2015.07.17"]
[SourceVersion "1"]
[SourceVersionDate "2015.07.17"]
[SourceQuality "1"]

1. e4 e5 2. Nf3 Nc6 3. Bb5 f5 4. Nc3 Nd4 5. Ba4 Nf6 6. 0-0 Bc5 7. Nxe5 0-0 8. Nd3 Bb6 9. e5 Ng4 10. Nd5 c6 11. Nxb6 axb6 12. h3 Rxa4 13. c3 Ne2+ 14. Qxe2 Re4 15. Qf3 Nxe5 16. Nxe5 Rxe5 17. d4 Re4 18. Bf4 g5 19. Bd6 Rf6 20. Be5 Rg6 21. Qd3 g4 22. f3 gxf3 23. Rxf3 d6 24. Bg3 Be6 25. Raf1 h5 26. Bf4 h4 27. Bd2 Qd7 28. R1f2 b5 29. b3 Qg7 30. a3 Bd5 31. Qf1 Be6 32. Qd3 Bd5 33. Qf1 Bxb3 34. Rxf5 Bc4 35. Rf8+ Kh7 36. Qb1 Bd5 37. Rb8 Qc7 38. Ra8 Qg7 39. a4 Rg3 40. Rb8 c5 1/2-1/2

[Event "WC-2018-P-00016"]
[Site "LSS email"]
[Date "2014.02.03"]
[Round "?"]
[White "Sukhorskij, Vladimir Stanislavo"]
[Black "Tylecek, Drahomir"]
[Result "1/2-1/2"]
[WhiteElo "1965"]
[BlackElo "2059"]
[PlyCount "47"]
[EventDate "2014.02.10"]
[EventType "tourn (corr)"]
[EventRounds "12"]
[EventCountry "GER"]
[SourceTitle "Corr 2015"]
[Source "ChessBase"]
[SourceDate "2015.07.17"]
[SourceVersion "1"]
[SourceVersionDate "2015.07.17"]
[SourceQuality "1"]

1. Nf3 Nf6 2. d4 d5 3. c4 c6 4. Nc3 e6 5. Bg5 dxc4 6. e4 b5 7. e5 h6 8. Bh4 g5 9. Nxg5 hxg5 10. Bxg5 Nbd7 11. exf6 Bb7 12. h4 Qb6 13. Qe2 0-0-0 14. 0-0-0 Bb4 15. Qc2 c5 16. Nxb5 Qxb5 17. Bxc4 Qb6 18. a3 Ba5 19. dxc5 Qc6 20. b4 Bc7 21. f4 Qxg2 22. Qxg2 Bxg2 23. Rhe1 Bf3 24. Rd2 1/2-1/2

[Event "WC-2018-P-00016"]
[Site "LSS email"]
[Date "2014.02.03"]
[Round "?"]
[White "Sukhorskij, Vladimir Stanislavo"]
[Black "Vasilyev, Eugene"]
[Result "1/2-1/2"]
[WhiteElo "1965"]
[BlackElo "2063"]
[PlyCount "48"]
[EventDate "2014.02.10"]
[EventType "tourn (corr)"]
[EventRounds "12"]
[EventCountry "GER"]
[SourceTitle "Corr 2015"]
[Source "ChessBase"]
[SourceDate "2015.07.17"]
[SourceVersion "1"]
[SourceVersionDate "2015.07.17"]
[SourceQuality "1"]

1. Nf3 d5 2. d4 c6 3. Bf4 Nf6 4. Nbd2 Bf5 5. c4 e6 6. e3 Bd6 7. Bxd6 Qxd6 8. Qb3 b6 9. Rc1 0-0 10. Nh4 Be4 11. Be2 h6 12. cxd5 Bxd5 13. Qd3 Nbd7 14. Nhf3 e5 15. e4 Be6 16. dxe5 Qxd3 17. Bxd3 Ng4 18. Nc4 Bxc4 19. Bxc4 Ndxe5 20. Nxe5 Nxe5 21. Ke2 Nxc4 22. Rxc4 c5 23. a3 Rad8 24. b4 cxb4 1/2-1/2

[Event "CP-2012-Q-00005"]
[Site "LSS email"]
[Date "2013.12.17"]
[Round "?"]
[White "Sherwood, Russell"]
[Black "Sukhorskij, Vladimir Stanislavo"]
[Result "1/2-1/2"]
[WhiteElo "2102"]
[BlackElo "1967"]
[PlyCount "107"]
[EventDate "2013.12.22"]
[EventType "tourn (corr)"]
[EventRounds "6"]
[EventCountry "GER"]
[SourceTitle "Corr 2015"]
[Source "ChessBase"]
[SourceDate "2015.07.17"]
[SourceVersion "1"]
[SourceVersionDate "2015.07.17"]
[SourceQuality "1"]

1. e4 e6 2. d4 d5 3. Nc3 Nf6 4. e5 Nfd7 5. f4 c5 6. Nf3 Nc6 7. Be3 Be7 8. Qd2 0-0 9. Be2 b6 10. 0-0 Bb7 11. Rad1 Rc8 12. a3 a6 13. dxc5 bxc5 14. Na4 Qc7 15. b3 Rb8 16. c3 Na7 17. Qc2 Bc6 18. c4 d4 19. Bd2 Qb7 20. Rb1 Be4 21. Bd3 Bxd3 22. Qxd3 Nc6 23. Be1 Rfc8 24. Nd2 Na5 25. Qc2 Rc7 26. Rf3 Qc6 27. Nf1 Nb7 28. Nd2 f5 29. Nb2 Nd8 30. Nd3 Nf7 31. Rg3 a5 32. Qd1 Nh6 33. h3 Nf7 34. Bf2 Rcc8 35. Qe2 Nf8 36. b4 axb4 37. axb4 cxb4 38. Bxd4 g5 39. h4 Rd8 40. Bf2 g4 41. h5 Nd7 42. Rc1 b3 43. Rb1 Ba3 44. Kh2 b2 45. Bd4 Nc5 46. Bxc5 Bxc5 47. Nxb2 Bd4 48. Rb3 Qe8 49. Nd3 Ra8 50. Kg3 Nh8 51. Rh1 Qf8 52. c5 Qh6 53. Nc4 Ng6 54. Nd6 1/2-1/2

[Event "WC-2016-Q-00014"]
[Site "LSS email"]
[Date "2013.10.22"]
[Round "?"]
[White "Roques, Pascal"]
[Black "Sukhorskij, Vladimir Stanislavo"]
[Result "1/2-1/2"]
[WhiteElo "2226"]
[BlackElo "1965"]
[PlyCount "46"]
[EventDate "2013.10.27"]
[EventType "tourn (corr)"]
[EventRounds "12"]
[EventCountry "GER"]
[SourceTitle "Corr 2015"]
[Source "ChessBase"]
[SourceDate "2015.07.17"]
[SourceVersion "1"]
[SourceVersionDate "2015.07.17"]
[SourceQuality "1"]

1. e4 e6 2. d4 d5 3. Nd2 c5 4. Ngf3 Nf6 5. exd5 exd5 6. Bb5+ Bd7 7. Bxd7+ Nbxd7 8. 0-0 Be7 9. dxc5 Nxc5 10. Nb3 Nce4 11. Nfd4 Nd6 12. Re1 0-0 13. c3 Re8 14. Bg5 h6 15. Bh4 Qb6 16. Qd3 Nc4 17. Nf5 Bf8 18. Bxf6 Qxf6 19. Rxe8 Rxe8 20. Nbd4 a6 21. b3 Nd6 22. Nxd6 Bxd6 23. Rd1 Bc5 1/2-1/2

[Event "WC-2016-Q-00014"]
[Site "LSS email"]
[Date "2013.10.22"]
[Round "?"]
[White "Sukhorskij, Vladimir Stanislavo"]
[Black "Cornel, Matei"]
[Result "0-1"]
[WhiteElo "1965"]
[BlackElo "2357"]
[PlyCount "106"]
[EventDate "2013.10.27"]
[EventType "tourn (corr)"]
[EventRounds "12"]
[EventCountry "GER"]
[SourceTitle "Corr 2015"]
[Source "ChessBase"]
[SourceDate "2015.07.17"]
[SourceVersion "1"]
[SourceVersionDate "2015.07.17"]
[SourceQuality "1"]

1. e4 c6 2. d4 d5 3. e5 Bf5 4. Nf3 e6 5. Be2 Nd7 6. 0-0 h6 7. Nbd2 Ne7 8. Nb3 g5 9. Ne1 Qc7 10. Nd3 b6 11. Be3 Bg7 12. f4 0-0-0 13. Rc1 a5 14. Bf2 Kb7 15. g4 Be4 16. Bg3 gxf4 17. Nxf4 h5 18. Nxh5 Bh6 19. Nd2 Be3+ 20. Bf2 Bg5 21. Nxe4 dxe4 22. c3 Nd5 23. Bg3 Ne3 24. Qb3 Rh7 25. Rce1 Rg8 26. Rf2 Ka7 27. Bd1 Qd8 28. c4 Nxd1 29. Qxd1 e3 30. Rf3 f5 31. gxf5 Rxh5 32. fxe6 Bh4 33. Rf7 Rxg3+ 34. hxg3 Qg5 35. Qf3 Bxg3 36. Kf1 e2+ 37. Rxe2 Qc1+ 38. Kg2 Qh1+ 39. Kxg3 Rh3+ 40. Kg4 Rxf3 41. Rxf3 Qg1+ 42. Kh3 Qh1+ 43. Kg3 Qg1+ 44. Rg2 Qxd4 45. exd7 Qxe5+ 46. Rf4 Qe3+ 47. Kg4 Qe6+ 48. Kf3 Qxd7 49. Re2 Qh3+ 50. Ke4 c5 51. b3 a4 52. Rf7+ Ka6 53. Rff2 Qe6+ 0-1

[Event "CP-2013-P-00058"]
[Site "LSS email"]
[Date "2013.09.30"]
[Round "?"]
[White "Sukhorskij, Vladimir Stanislavo"]
[Black "Brzeszkiewicz, Edmund"]
[Result "1/2-1/2"]
[WhiteElo "1965"]
[BlackElo "2043"]
[PlyCount "103"]
[EventDate "2013.10.01"]
[EventType "tourn (corr)"]
[EventRounds "6"]
[EventCountry "GER"]
[SourceTitle "Corr 2015"]
[Source "ChessBase"]
[SourceDate "2015.07.17"]
[SourceVersion "1"]
[SourceVersionDate "2015.07.17"]
[SourceQuality "1"]

1. e4 e5 2. Nf3 Nc6 3. Bb5 a6 4. Ba4 Nf6 5. 0-0 Be7 6. Re1 b5 7. Bb3 d6 8. c3 0-0 9. h3 Na5 10. Bc2 c5 11. d4 Qc7 12. Nbd2 cxd4 13. cxd4 Nc6 14. a3 exd4 15. Nb3 Bb7 16. Bf4 Ne5 17. Nbxd4 g6 18. Rc1 Rac8 19. Qe2 Rfd8 20. Nb3 Nh5 21. Bd2 Qd7 22. Na5 Ba8 23. b4 Nf6 24. Bh6 Nxf3+ 25. Qxf3 d5 26. exd5 Nxd5 27. Bb3 Rxc1 28. Bxc1 Bf6 29. Bh6 Qd6 30. Qe4 Qb8 31. h4 Bc3 32. Rc1 Qd6 33. Rd1 Qe6 34. Qxe6 fxe6 35. Ba2 Re8 36. Nb3 Bf6 37. Bd2 Bxh4 38. Nc5 Re7 39. Be3 Kf7 40. Bd4 Bf6 41. Bxf6 Kxf6 42. Bb3 h5 43. Kh2 h4 44. Kh3 g5 45. Kg4 Nc3 46. Rd3 Ne4 47. Rf3+ Kg7 48. Nxe6+ Kg6 49. Rf8 Nf6+ 50. Kh3 Be4 51. g4 hxg3 52. Kxg3 1/2-1/2

[Event "RA-2013-0-00290"]
[Site "LSS email"]
[Date "2013.09.18"]
[Round "?"]
[White "Sukhorskij, Vladimir Stanislavo"]
[Black "Krol, Wladyslaw"]
[Result "1-0"]
[WhiteElo "2128"]
[BlackElo "2016"]
[PlyCount "91"]
[EventDate "2013.08.21"]
[EventType "tourn (corr)"]
[EventRounds "6"]
[EventCountry "GER"]
[SourceTitle "Telechess CBM 163"]
[Source "ChessBase"]
[SourceDate "2014.11.11"]
[SourceVersion "2"]
[SourceVersionDate "2014.11.11"]
[SourceQuality "1"]

1. e4 e5 2. Nf3 Nc6 3. Bb5 Nf6 4. d3 Bc5 5. c3 Ng4 6. 0-0 Bb6 7. h3 h5 8. d4 d6 9. d5 a6 10. Ba4 Nxf2 11. Rxf2 Bxf2+ 12. Kxf2 b5 13. Bc2 Ne7 14. Be3 f6 15. Kg1 g5 16. Ne1 g4 17. h4 f5 18. exf5 Bxf5 19. Nd2 Nxd5 20. Bg5 Qd7 21. Ne4 c6 22. Nxd6+ Qxd6 23. Bxf5 0-0 24. Qd3 Qc5+ 25. Kh2 Kg7 26. Nc2 Qc4 27. Re1 Qxd3 28. Bxd3 Rae8 29. Be4 a5 30. Ne3 Nxe3 31. Bxe3 Rf6 32. Rd1 Ref8 33. Bc5 Re8 34. g3 Ra8 35. Kg2 Re8 36. Ba3 Ree6 37. Rd8 Rf7 38. Bd6 Rff6 39. Bc5 Rf7 40. a3 Ref6 41. Bb6 a4 42. Re8 Rd7 43. Be3 Rd1 44. Rxe5 Kf7 45. Bf5 Rfd6 46. Bg5 1-0